Missing Word: 'D' Music Artists Quiz Stats

 Plays Quiz Updated Jul 11, 2014

Support Sporcle.
Go Orange.
Score 0/20 Timer 03:00
0 Plays Today
Hint Answer % Correct
The DriftersLast
95.7%
The DoorsFire
95.7%
Bob DylanRolling
93.6%
Bob DylanHeaven
93.1%
Neil DiamondKnow
92.8%
Bob DylanTimes
92.3%
The DoorsMe
90.3%
The DriftersGoes
87.1%
Neil DiamondCaroline
86.9%
Bob DylanDay
81.1%
Hint Answer % Correct
Neil DiamondGirl
71.6%
The DriftersSweet
70.2%
The DriftersWonderful
69.7%
The DriftersRoof
66.6%
The DoorsPeople
65%
Neil DiamondSong
62%
The DoorsHer
55.2%
Neil DiamondRosie
47.5%
The DoorsHello
43.1%
Bob DylanStreet
38.5%

Today's Daily Dose

You're not logged in!

Compare scores with friends on all Sporcle quizzes.
OR
Log In

From the Vault

Amazon 100 Books to Read In a Lifetime

by jenneral

On Tuesday, Amazon released a list of 100 Books to Read in a Lifetime. How many have you read?
Remove Ads.
Support Sporcle.
Get the best of Sporcle when you Go Orange. This ad-free experience offers more features, more stats, and more fun while also helping to support Sporcle. Thank you for becoming a member.

Show Comments

Extras

Top Quizzes Today


Score Distribution

Your Account Isn't Verified!

In order to create a playlist on Sporcle, you need to verify the email address you used during registration. Go to your Sporcle Settings to finish the process.

Report this User

Report this user for behavior that violates our Community Guidelines.

Details: